000 00885nam a22002777a 4500
003 OSt
005 20260428152635.0
008 260428b |||||||| |||| 00| 0 eng d
020 _a978-93-49531-79-6
037 _cReference
040 _aFEDL
_beng
_cFEDL
041 _aeng
_heng
082 _a181.4 SHA/RR
100 _aSharma, Raj Kishore, Ed.
_91235806
245 _aAyurbodh:
_bWellness from ancient Bharat/
_cedited by Raj Kishore Sharma; Meenakshi Sharma.
260 _aNew Delhi
_bKitabwale
_c2025
300 _a60p.
365 _b180.00
_aINR
490 _vV. 4
650 _aPHILOSOPHY OF INDIA
_91234613
650 _aANCIENT WISDOM AND MODERN INSIGHTS
_91235897
650 _aAYURVEDA AND YOGA
_91235898
700 _aSharma, Meenakshi, Ed.
_91235893
942 _2ddc
_cREF
_h181.4 SHA/RR
_n0
999 _c1848601
_d1848601